[Event "Herning"]
[Site "Herning"]
[Date "1991.??.??"]
[Round "?"]
[White "Berg, Klaus"]
[Black "Pedersen, Finn"]
[Result "1/2-1/2"]
[WhiteElo "2390"]
[BlackElo "2285"]
[PlyCount "124"]
[EventDate "1991.07.??"]
[EventType "tourn"]
[EventRounds "9"]
[EventCountry "DEN"]
[EventCategory "8"]
[Source "ChessBase"]
[SourceDate "1992.05.01"]

1. d4 d5 2. Bg5 h6 3. Bh4 c6 4. e3 Qb6 5. b3 Bf5 6. Nf3 e6 7. Bd3 Bxd3 8. Qxd3
a5 9. O-O Be7 10. Bxe7 Nxe7 11. c4 Qa6 12. Ne5 O-O 13. Nc3 f6 14. Nf3 f5 15.
Ne5 b6 16. Rfd1 Ra7 17. cxd5 exd5 18. Na4 Rf6 19. Rac1 Kf8 20. f4 Ke8 21. Rc2
Nd7 22. Qd2 Nxe5 23. fxe5 Re6 24. Nc3 Kd7 25. Ne2 g5 26. Ng3 Ra8 27. Rf1 Rf8
28. Qc3 f4 29. Nh5 f3 30. Nf6+ Rexf6 31. exf6 Rxf6 32. Rxf3 Rxf3 33. gxf3 Qc8
34. e4 Qc7 35. Qe3 Qd6 36. Re2 Qf6 37. h3 dxe4 38. fxe4 Ng6 39. d5 Nf4 40. Rd2
cxd5 41. exd5 Qf5 42. Kh2 Nxd5 43. Qd4 Kc6 44. Qc4+ Kd6 45. Kg2 h5 46. Qd4 Kc6
47. Qc4+ Kd6 48. Qd4 Kc6 49. Qc4+ Kd6 50. a4 g4 51. hxg4 hxg4 52. Rd3 Qe6 53.
Kg3 Qf5 54. Qb5 Qf4+ 55. Kg2 Qe4+ 56. Kg3 Qf4+ 57. Kg2 Qe4+ 58. Kf1 Qf4+ 59.
Kg1 Qc1+ 60. Kg2 Qb2+ 61. Kg3 Qe5+ 62. Kxg4 Qf4+ 1/2-1/2

[Event "Herning"]
[Site "Herning"]
[Date "1991.??.??"]
[Round "?"]
[White "Berg, Klaus"]
[Black "Sorensen, Jan"]
[Result "1-0"]
[WhiteElo "2390"]
[BlackElo "2405"]
[PlyCount "55"]
[EventDate "1991.07.??"]
[EventType "tourn"]
[EventRounds "9"]
[EventCountry "DEN"]
[EventCategory "8"]
[Source "ChessBase"]
[SourceDate "1992.05.01"]

1. g3 g6 2. Bg2 Bg7 3. d3 e5 4. c4 d6 5. Nc3 Nf6 6. e3 O-O 7. Nge2 c6 8. O-O
Nh5 9. d4 f5 10. Rb1 g5 11. dxe5 dxe5 12. Qxd8 Rxd8 13. b3 Be6 14. Ba3 Bf8 15.
Bxf8 Kxf8 16. f4 gxf4 17. gxf4 e4 18. Nd4 Ng7 19. Bh3 Bd7 20. c5 Na6 21. b4 Kf7
22. Rfd1 Kf6 23. Kf2 Be8 24. Nxf5 Nxf5 25. Nxe4+ Ke6 26. Rd6+ Rxd6 27. Nxd6 Bg6
28. e4 1-0

[Event "Herning"]
[Site "Herning"]
[Date "1991.??.??"]
[Round "?"]
[White "Berg, Klaus"]
[Black "Mortensen, Erling"]
[Result "1-0"]
[WhiteElo "2390"]
[BlackElo "2450"]
[PlyCount "61"]
[EventDate "1991.07.??"]
[EventType "tourn"]
[EventRounds "9"]
[EventCountry "DEN"]
[EventCategory "8"]
[Source "ChessBase"]
[SourceDate "1992.05.01"]

1. d4 Nf6 2. Nf3 b5 3. Bg5 d5 4. Nbd2 Ne4 5. Bh4 Nd7 6. e3 a6 7. Nxe4 dxe4 8.
Nd2 Bb7 9. c4 c5 10. cxb5 axb5 11. dxc5 Qa5 12. a3 g5 13. b4 Qa6 14. Bxg5 Bg7
15. Rb1 Ne5 16. Bf4 Nd3+ 17. Bxd3 exd3 18. O-O Qg6 19. f3 Rxa3 20. Rb3 Ra2 21.
e4 Rg8 22. g4 h5 23. Rxd3 hxg4 24. fxg4 Bh6 25. h3 f5 26. Bxh6 fxe4 27. Nxe4
Ra8 28. Nd6+ exd6 29. Rxd6 Ra2 30. Rd8+ Ke7 31. Qd7# 1-0

[Event "Herning"]
[Site "Herning"]
[Date "1991.??.??"]
[Round "?"]
[White "Berg, Klaus"]
[Black "Jansa, Vlastimil"]
[Result "0-1"]
[WhiteElo "2390"]
[BlackElo "2485"]
[PlyCount "50"]
[EventDate "1991.07.??"]
[EventType "tourn"]
[EventRounds "9"]
[EventCountry "DEN"]
[EventCategory "8"]
[Source "ChessBase"]
[SourceDate "1992.05.01"]

1. Nf3 d6 2. d4 Bg4 3. e4 Nf6 4. Nc3 e6 5. h3 Bh5 6. Qe2 a6 7. g4 Bg6 8. h4 h5
9. g5 Nfd7 10. Be3 b5 11. Nd2 Nb6 12. Bh3 b4 13. Nd1 d5 14. f3 Nc6 15. c3 Be7
16. O-O O-O 17. Rc1 bxc3 18. bxc3 Qd6 19. Bf2 Rfe8 20. Kg2 Qa3 21. c4 Qxc1 22.
c5 Nc4 23. Nb3 Qa3 24. exd5 exd5 25. Bd7 Nb4 0-1

[Event "Herning"]
[Site "Herning"]
[Date "1991.??.??"]
[Round "?"]
[White "Hellers, Ferdinand"]
[Black "Watson, William"]
[Result "1/2-1/2"]
[WhiteElo "2520"]
[BlackElo "2525"]
[PlyCount "61"]
[EventDate "1991.07.??"]
[EventType "tourn"]
[EventRounds "9"]
[EventCountry "DEN"]
[EventCategory "8"]
[Source "ChessBase"]
[SourceDate "1992.05.01"]

1. e4 c5 2. Nf3 d6 3. d4 cxd4 4. Nxd4 Nf6 5. Nc3 g6 6. Be3 Bg7 7. f3 O-O 8. Qd2
Nc6 9. Bc4 Bd7 10. h4 h5 11. O-O-O Ne5 12. Bb3 Rc8 13. Bh6 Bxh6 14. Qxh6 Rxc3
15. bxc3 Qa5 16. Kb1 Rc8 17. g4 Qxc3 18. gxh5 Nc4 19. Qc1 Nxh5 20. Rd3 Qb4 21.
Rg1 a5 22. Ka1 a4 23. Bxc4 Qxc4 24. Qh6 Rc5 25. Rg5 e5 26. Rxh5 gxh5 27. Qg5+
Kf8 28. Qh6+ Kg8 29. Qg5+ Kf8 30. Qd8+ Kg7 31. Qg5+ 1/2-1/2

[Event "Herning"]
[Site "Herning"]
[Date "1991.??.??"]
[Round "?"]
[White "Hellers, Ferdinand"]
[Black "Berg, Klaus"]
[Result "1-0"]
[WhiteElo "2520"]
[BlackElo "2390"]
[PlyCount "51"]
[EventDate "1991.07.??"]
[EventType "tourn"]
[EventRounds "9"]
[EventCountry "DEN"]
[EventCategory "8"]
[Source "ChessBase"]
[SourceDate "1992.05.01"]

1. e4 c6 2. Nc3 d5 3. Nf3 Bg4 4. h3 Bxf3 5. Qxf3 e6 6. d3 Nf6 7. Bd2 Bb4 8. e5
Nfd7 9. Qg3 g6 10. d4 Be7 11. O-O-O b5 12. h4 h5 13. Bd3 Nb6 14. Kb1 Nc4 15.
Bc1 Qa5 16. Ne2 Nd7 17. Bxg6 fxg6 18. Qxg6+ Kd8 19. Nf4 Nf8 20. Qg7 Rh7 21.
Nxe6+ Nxe6 22. Qxh7 Kd7 23. f4 Rb8 24. f5 Nf8 25. Qf7 b4 26. Rh3 1-0

[Event "Herning"]
[Site "Herning"]
[Date "1991.??.??"]
[Round "?"]
[White "Jansa, Vlastimil"]
[Black "Hellers, Ferdinand"]
[Result "0-1"]
[WhiteElo "2485"]
[BlackElo "2520"]
[PlyCount "82"]
[EventDate "1991.07.??"]
[EventType "tourn"]
[EventRounds "9"]
[EventCountry "DEN"]
[EventCategory "8"]
[Source "ChessBase"]
[SourceDate "1992.05.01"]

1. e4 c5 2. Nf3 d6 3. d4 cxd4 4. Nxd4 Nf6 5. Nc3 g6 6. Bc4 Bg7 7. h3 O-O 8. O-O
Nc6 9. Be3 Nxe4 10. Bxf7+ Kxf7 11. Nxe4 Nxd4 12. Bxd4 e5 13. Be3 d5 14. Bg5 Qd7
15. Nc3 h6 16. Bh4 d4 17. Ne4 Qc6 18. Re1 Bf5 19. f3 Rac8 20. c3 Kg8 21. Qb3+
Kh7 22. Rad1 Rc7 23. Bg3 Rd7 24. Qa3 Rfd8 25. Qxa7 b6 26. Qa3 Ra8 27. Qb3 Be6
28. Qc2 Rxa2 29. Rd2 Bd5 30. Kh2 Qb5 31. cxd4 exd4 32. Nd6 Qc5 33. Ne8 Qxc2 34.
Rxc2 Bh8 35. Rce2 d3 36. Re7+ Rxe7 37. Rxe7+ Kg8 38. Rd7 Bc6 39. Rd8 Ra8 40.
Nf6+ Kf7 41. Rd6 Bxf6 0-1

[Event "Herning"]
[Site "Herning"]
[Date "1991.??.??"]
[Round "?"]
[White "Mortensen, Erling"]
[Black "Sloth, Jorn"]
[Result "0-1"]
[WhiteElo "2450"]
[BlackElo "2360"]
[PlyCount "114"]
[EventDate "1991.07.??"]
[EventType "tourn"]
[EventRounds "9"]
[EventCountry "DEN"]
[EventCategory "8"]
[Source "ChessBase"]
[SourceDate "1992.05.01"]

1. e4 c5 2. Nf3 Nf6 3. e5 Nd5 4. d4 cxd4 5. Qxd4 e6 6. Bc4 Nc6 7. Qe4 d6 8.
exd6 Nf6 9. Qe2 Bxd6 10. Nc3 a6 11. Bg5 h6 12. Bxf6 Qxf6 13. Ne4 Qe7 14. Nxd6+
Qxd6 15. Rd1 Qc7 16. O-O Bd7 17. Rd2 Rd8 18. Rfd1 O-O 19. Qe4 Bc8 20. Bd3 g6
21. Qe3 Kg7 22. Be4 Ne7 23. h4 f6 24. Nd4 e5 25. Nb3 b6 26. g3 Bg4 27. Bf3 Be6
28. Qe4 Rxd2 29. Rxd2 a5 30. Qb7 Qxb7 31. Bxb7 Rb8 32. Bg2 Kf7 33. Nc1 Nf5 34.
a3 Ke7 35. b3 Nd4 36. Ne2 Rd8 37. Nxd4 Rxd4 38. Rxd4 exd4 39. Be4 g5 40. hxg5
fxg5 41. f3 h5 42. Kg2 Kf6 43. Kf2 h4 44. Bd3 Bd5 45. f4 h3 46. Kg1 gxf4 47.
gxf4 Be6 48. b4 axb4 49. axb4 Bf5 50. Bf1 Bxc2 51. Bxh3 d3 52. Kf2 d2 53. Bg4
d1=Q 54. Bxd1 Bxd1 55. Ke3 Kf5 56. Kd4 Be2 57. Kd5 b5 0-1

[Event "Herning"]
[Site "Herning"]
[Date "1991.??.??"]
[Round "?"]
[White "Mortensen, Erling"]
[Black "Sorensen, Jan"]
[Result "1-0"]
[WhiteElo "2450"]
[BlackElo "2405"]
[PlyCount "105"]
[EventDate "1991.07.??"]
[EventType "tourn"]
[EventRounds "9"]
[EventCountry "DEN"]
[EventCategory "8"]
[Source "ChessBase"]
[SourceDate "1992.05.01"]

1. e4 e6 2. d4 d5 3. Nc3 Bb4 4. e5 c5 5. a3 Bxc3+ 6. bxc3 Ne7 7. Nf3 Qa5 8. Bd2
Qc7 9. h4 b6 10. h5 h6 11. Nh4 Ba6 12. Bxa6 Nxa6 13. Rh3 Rc8 14. Rg3 Rg8 15.
Ra2 cxd4 16. cxd4 Qc4 17. Qa1 Nc5 18. a4 Ne4 19. Rb3 Nc6 20. Rd3 Nxd2 21. Rxd2
Nxe5 22. Ra3 Nc6 23. Re3 Kd7 24. f4 Qb4 25. Nf3 f6 26. c3 Qd6 27. Rf2 Na5 28.
Qb1 Nc4 29. Ree2 Rge8 30. Kf1 Kc7 31. Qg6 Qd7 32. Re1 Re7 33. Rfe2 Rce8 34. Qc2
Qd6 35. g3 e5 36. fxe5 fxe5 37. dxe5 Nxe5 38. Nd4 Kb7 39. Nf5 Qf6 40. Kg2 Re6
41. Nd4 R6e7 42. Qf5 Ka6 43. Qb1 Kb7 44. Qb5 Nd7 45. Qxd5+ Ka6 46. Ne6 Qxc3 47.
Qb5+ Kb7 48. Nd8+ Rxd8 49. Rxe7 Kb8 50. R1e3 Qd2+ 51. Re2 Qd1 52. Qc6 Qd4 53.
Rc2 1-0

[Event "Herning"]
[Site "Herning"]
[Date "1991.??.??"]
[Round "?"]
[White "Mortensen, Erling"]
[Black "Pedersen, Finn"]
[Result "1-0"]
[WhiteElo "2450"]
[BlackElo "2285"]
[PlyCount "71"]
[EventDate "1991.07.??"]
[EventType "tourn"]
[EventRounds "9"]
[EventCountry "DEN"]
[EventCategory "8"]
[Source "ChessBase"]
[SourceDate "1992.05.01"]

1. e4 c6 2. d4 d5 3. e5 Bf5 4. Be2 e6 5. Nf3 Ne7 6. c3 c5 7. dxc5 Nec6 8. b4
Nd7 9. Bf4 h6 10. Bg3 a5 11. Nd4 axb4 12. Nxc6 bxc6 13. cxb4 Qb8 14. a3 g5 15.
Nd2 Bg7 16. Nf3 Rxa3 17. b5 Rxa1 18. Qxa1 O-O 19. O-O cxb5 20. Rc1 b4 21. c6
Nb6 22. c7 Qa8 23. Nd4 Nc4 24. f4 Qxa1 25. Rxa1 gxf4 26. Bxf4 Rc8 27. Nxf5 exf5
28. Ra7 Bf8 29. Rb7 Na5 30. Rb8 Rxc7 31. Bxh6 Rb7 32. Rxf8+ Kh7 33. Bg5 b3 34.
Bf6 b2 35. Rh8+ Kg6 36. Bh5# 1-0

[Event "Herning"]
[Site "Herning"]
[Date "1991.??.??"]
[Round "?"]
[White "Mortensen, Erling"]
[Black "Jansa, Vlastimil"]
[Result "0-1"]
[WhiteElo "2450"]
[BlackElo "2485"]
[PlyCount "70"]
[EventDate "1991.07.??"]
[EventType "tourn"]
[EventRounds "9"]
[EventCountry "DEN"]
[EventCategory "8"]
[Source "ChessBase"]
[SourceDate "1992.05.01"]

1. e4 c5 2. Nf3 d6 3. d4 cxd4 4. Nxd4 Nf6 5. Nc3 a6 6. Bc4 e6 7. Bb3 Nbd7 8. f4
Nc5 9. f5 Be7 10. Qf3 O-O 11. O-O Bd7 12. Be3 b5 13. a3 e5 14. Nde2 Nxb3 15.
cxb3 a5 16. Ng3 Bc6 17. Rad1 b4 18. axb4 axb4 19. Nd5 Bxd5 20. exd5 Ra2 21. Rf2
Qa8 22. Ne4 Ra1 23. Rff1 Rxd1 24. Rxd1 Rc8 25. Nxf6+ Bxf6 26. Qe4 Qa2 27. Qxb4
Qxb2 28. Qb7 Qc3 29. Bf2 h5 30. b4 e4 31. Qb6 Qb3 32. Re1 Qxd5 33. b5 Rc2 34.
Qb8+ Kh7 35. b6 Qd2 0-1

[Event "Herning"]
[Site "Herning"]
[Date "1991.??.??"]
[Round "?"]
[White "Pedersen, Finn"]
[Black "Sloth, Jorn"]
[Result "1/2-1/2"]
[WhiteElo "2285"]
[BlackElo "2360"]
[PlyCount "132"]
[EventDate "1991.07.??"]
[EventType "tourn"]
[EventRounds "9"]
[EventCountry "DEN"]
[EventCategory "8"]
[Source "ChessBase"]
[SourceDate "1992.05.01"]

1. d4 Nf6 2. Nf3 d6 3. Bg5 Nbd7 4. Nbd2 h6 5. Bxf6 Nxf6 6. e4 e6 7. Bd3 Be7 8.
O-O Nd7 9. c3 e5 10. Qe2 O-O 11. Rad1 Bf6 12. dxe5 dxe5 13. Nc4 Qe7 14. Ne3 Nb6
15. c4 c6 16. Rc1 Be6 17. Bb1 Rfe8 18. Rfd1 Nd7 19. h3 a5 20. Nd5 cxd5 21. cxd5
Bxh3 22. gxh3 Qd6 23. Qb5 Nb6 24. a3 a4 25. Rc3 Rec8 26. Rdc1 Rxc3 27. Rxc3 Kf8
28. Ne1 Bd8 29. Kf1 Qd7 30. Qc5+ Kg8 31. d6 Rc8 32. Qxe5 Bf6 33. Rxc8+ Nxc8 34.
Qd5 Qxd6 35. Qxb7 Qe6 36. Kg2 g6 37. Bc2 Nd6 38. Qa8+ Kg7 39. Qxa4 Bxb2 40. Qc6
Qe5 41. Nf3 Qc3 42. Qxc3+ Bxc3 43. a4 Nb7 44. Kg3 Kf6 45. Kf4 Ba5 46. e5+ Ke7
47. Ke4 Bb6 48. Nd4 Kd7 49. Kd5 Nd8 50. f3 Ne6 51. Nxe6 fxe6+ 52. Kc4 g5 53.
Kb5 Bd4 54. a5 Kc7 55. Ka6 Bxe5 56. Bb3 Bd4 57. Bxe6 h5 58. h4 gxh4 59. f4 Kd6
60. Bh3 Kc7 61. f5 Kb8 62. Kb5 Ka7 63. Bg2 Bc3 64. Bf3 h3 65. Bxh5 h2 66. Bf3
Bf6 1/2-1/2

[Event "Herning"]
[Site "Herning"]
[Date "1991.??.??"]
[Round "?"]
[White "Pedersen, Finn"]
[Black "Sorensen, Jan"]
[Result "0-1"]
[WhiteElo "2285"]
[BlackElo "2405"]
[PlyCount "54"]
[EventDate "1991.07.??"]
[EventType "tourn"]
[EventRounds "9"]
[EventCountry "DEN"]
[EventCategory "8"]
[Source "ChessBase"]
[SourceDate "1992.05.01"]

1. d4 Nf6 2. Bg5 b6 3. Nd2 Bb7 4. Bxf6 exf6 5. e4 Qe7 6. Qe2 g6 7. O-O-O Bh6 8.
Kb1 d6 9. Qc4 O-O 10. Ngf3 a6 11. h4 b5 12. Qd3 c5 13. h5 c4 14. Qe2 Bg7 15. g4
Nd7 16. Nh4 c3 17. bxc3 Nb6 18. Rh3 Rfc8 19. Ka1 Na4 20. Nb1 Qxe4 21. Re3 Qc6
22. hxg6 hxg6 23. Bg2 d5 24. Rh1 b4 25. Nf5 gxf5 26. gxf5 bxc3 27. Qh5 Qb5 0-1

[Event "Herning"]
[Site "Herning"]
[Date "1991.??.??"]
[Round "?"]
[White "Pedersen, Finn"]
[Black "Jansa, Vlastimil"]
[Result "1-0"]
[WhiteElo "2285"]
[BlackElo "2485"]
[PlyCount "77"]
[EventDate "1991.07.??"]
[EventType "tourn"]
[EventRounds "9"]
[EventCountry "DEN"]
[EventCategory "8"]
[Source "ChessBase"]
[SourceDate "1992.05.01"]

1. d4 d6 2. c3 g6 3. Bf4 Bg7 4. Nf3 Nd7 5. Nbd2 e5 6. dxe5 dxe5 7. Bg3 Qe7 8.
e4 Ngf6 9. Bc4 O-O 10. O-O Nh5 11. Re1 a5 12. a4 Rd8 13. Bh4 Bf6 14. Bxf6 Qxf6
15. b4 Nb6 16. Bf1 Bd7 17. Qc2 Nf4 18. b5 Bg4 19. Re3 Nd7 20. h3 Be6 21. c4 b6
22. Qb2 Qe7 23. Nb1 f6 24. Nc3 Qb4 25. Qa2 Kf8 26. Rc1 Nh5 27. Nd5 Qc5 28. Rcc3
Ng7 29. Qd2 Ne8 30. Ne1 Bxd5 31. cxd5 Qd4 32. Qc2 Nc5 33. Nf3 Nd6 34. Nxd4 exd4
35. Rxc5 dxe3 36. Rxc7 exf2+ 37. Qxf2 Nxe4 38. Qd4 Re8 39. Bd3 1-0

[Event "Herning"]
[Site "Herning"]
[Date "1991.??.??"]
[Round "?"]
[White "Pedersen, Finn"]
[Black "Hellers, Ferdinand"]
[Result "0-1"]
[WhiteElo "2285"]
[BlackElo "2520"]
[PlyCount "80"]
[EventDate "1991.07.??"]
[EventType "tourn"]
[EventRounds "9"]
[EventCountry "DEN"]
[EventCategory "8"]
[Source "ChessBase"]
[SourceDate "1992.05.01"]

1. d4 Nf6 2. Nf3 g6 3. Bf4 Bg7 4. Nbd2 O-O 5. h3 d6 6. e3 Nc6 7. Bc4 Nd7 8. O-O
Kh8 9. c3 e5 10. dxe5 dxe5 11. Bh2 f5 12. b4 Qe7 13. Bb5 Nb6 14. Nc4 e4 15.
Nxb6 axb6 16. Nd4 Nxd4 17. exd4 f4 18. Re1 Qg5 19. Bf1 Bf5 20. Kh1 Rae8 21. a4
c6 22. a5 b5 23. a6 bxa6 24. Rxa6 e3 25. fxe3 fxe3 26. Bg1 Qg3 27. Ra2 Bh6 28.
Bh2 Qh4 29. d5 cxd5 30. Bxb5 Re6 31. Ra6 Rxa6 32. Bxa6 Be4 33. Bb7 Qf2 34. Be5+
Bg7 35. Bxg7+ Kxg7 36. Re2 Qf7 37. Qd4+ Kg8 38. Ba6 Qf1+ 39. Kh2 Rf2 40. Rxf2
Qxf2 0-1

[Event "Herning"]
[Site "Herning"]
[Date "1991.??.??"]
[Round "?"]
[White "Sloth, Jorn"]
[Black "Hellers, Ferdinand"]
[Result "1/2-1/2"]
[WhiteElo "2360"]
[BlackElo "2520"]
[PlyCount "33"]
[EventDate "1991.07.??"]
[EventType "tourn"]
[EventRounds "9"]
[EventCountry "DEN"]
[EventCategory "8"]
[Source "ChessBase"]
[SourceDate "1992.05.01"]

1. d4 Nf6 2. Nf3 c5 3. d5 e6 4. Nc3 exd5 5. Nxd5 Nxd5 6. Qxd5 d6 7. e4 Be7 8.
Bg5 Bxg5 9. Qxg5 Qxg5 10. Nxg5 g6 11. Nf3 Be6 12. O-O-O Ke7 13. Nd2 Rd8 14. Nc4
d5 15. exd5 Rxd5 16. Rxd5 Bxd5 17. Ne3 1/2-1/2

[Event "Herning"]
[Site "Herning"]
[Date "1991.??.??"]
[Round "?"]
[White "Sloth, Jorn"]
[Black "Berg, Klaus"]
[Result "1/2-1/2"]
[WhiteElo "2360"]
[BlackElo "2390"]
[PlyCount "38"]
[EventDate "1991.07.??"]
[EventType "tourn"]
[EventRounds "9"]
[EventCountry "DEN"]
[EventCategory "8"]
[Source "ChessBase"]
[SourceDate "1992.05.01"]

1. c4 Nf6 2. g3 c6 3. Nf3 d5 4. Qc2 Bg4 5. Bg2 Nbd7 6. d4 e6 7. Nh4 Bd6 8. O-O
O-O 9. Nc3 Re8 10. e4 dxe4 11. Nxe4 Nxe4 12. Qxe4 Nf6 13. Qc2 e5 14. dxe5 Rxe5
15. Be3 Bc5 16. Bxc5 Rxc5 17. b4 Re5 18. Nf3 Bxf3 19. Bxf3 Qe7 1/2-1/2

[Event "Herning"]
[Site "Herning"]
[Date "1991.??.??"]
[Round "?"]
[White "Sloth, Jorn"]
[Black "Cebalo, Miso"]
[Result "1/2-1/2"]
[WhiteElo "2360"]
[BlackElo "2525"]
[PlyCount "107"]
[EventDate "1991.07.??"]
[EventType "tourn"]
[EventRounds "9"]
[EventCountry "DEN"]
[EventCategory "8"]
[Source "ChessBase"]
[SourceDate "1992.05.01"]

1. d4 Nf6 2. Nf3 c5 3. d5 g6 4. Nc3 Bg7 5. e4 O-O 6. Be2 d6 7. O-O Na6 8. h3
Nc7 9. Re1 b6 10. e5 Nd7 11. exd6 exd6 12. Bg5 Nf6 13. Qd2 Bb7 14. Nh2 a6 15.
Bf3 b5 16. Qf4 h6 17. Bxh6 b4 18. Bxg7 Kxg7 19. Ne4 Nxe4 20. Bxe4 f5 21. Bf3
Qf6 22. c4 a5 23. Re2 Rae8 24. Rae1 Rxe2 25. Rxe2 g5 26. Qd2 Bc8 27. Nf1 f4 28.
Nh2 Re8 29. Rxe8 Nxe8 30. Bg4 Bf5 31. Qe2 Bg6 32. b3 Qe5 33. Qxe5+ dxe5 34. Nf3
Kf6 35. Nd2 e4 36. Kf1 Ke5 37. Ke2 Kd4 38. g3 Nd6 39. h4 gxh4 40. gxh4 Kc3 41.
h5 Bh7 42. f3 exf3+ 43. Kxf3 Kxd2 44. Kxf4 a4 45. bxa4 Nxc4 46. Bf5 Bg8 47. h6
Kc3 48. h7 Bxh7 49. Bxh7 b3 50. axb3 Kxb3 51. Bd3 Nb6 52. Bb5 Nxd5+ 53. Ke5 Nc3
54. Kd6 1/2-1/2

[Event "Herning"]
[Site "Herning"]
[Date "1991.??.??"]
[Round "?"]
[White "Sorensen, Jan"]
[Black "Sloth, Jorn"]
[Result "1/2-1/2"]
[WhiteElo "2405"]
[BlackElo "2360"]
[PlyCount "26"]
[EventDate "1991.07.??"]
[EventType "tourn"]
[EventRounds "9"]
[EventCountry "DEN"]
[EventCategory "8"]
[Source "ChessBase"]
[SourceDate "1992.05.01"]

1. e4 c5 2. Nf3 Nc6 3. d4 cxd4 4. Nxd4 g6 5. Be2 d6 6. Nb3 Bg7 7. O-O Bd7 8.
Nc3 Bxc3 9. bxc3 Nf6 10. Bd3 Qc7 11. f4 O-O-O 12. Qe2 h6 13. c4 g5 1/2-1/2

[Event "Herning"]
[Site "Herning"]
[Date "1991.??.??"]
[Round "?"]
[White "Sorensen, Jan"]
[Black "Watson, William"]
[Result "0-1"]
[WhiteElo "2405"]
[BlackElo "2525"]
[PlyCount "78"]
[EventDate "1991.07.??"]
[EventType "tourn"]
[EventRounds "9"]
[EventCountry "DEN"]
[EventCategory "8"]
[Source "ChessBase"]
[SourceDate "1992.05.01"]

1. e4 c5 2. Nf3 d6 3. d4 cxd4 4. Nxd4 Nf6 5. Nc3 g6 6. Be2 Bg7 7. O-O O-O 8.
Kh1 Nc6 9. Nb3 Be6 10. f4 Rc8 11. f5 Bd7 12. Bg5 Ne5 13. fxg6 hxg6 14. Nd5 Nxd5
15. exd5 Bf5 16. c3 a6 17. Qd2 Re8 18. Rae1 Qd7 19. Qf4 Qd8 20. Qg3 Bd7 21. Be3
Qc7 22. Bd4 b5 23. Bd3 Rf8 24. Be4 Be8 25. Qe3 f5 26. Bf3 Bf7 27. h3 Kh7 28.
Re2 Bf6 29. Rfe1 Kg7 30. Kg1 Rh8 31. Bb6 Qc4 32. Na5 Nxf3+ 33. Qxf3 Qxd5 34.
Qg3 e5 35. Bf2 f4 36. Qf3 Qxf3 37. gxf3 Rxh3 38. Nb7 Bd5 39. Nxd6 Bxf3 0-1

[Event "Herning"]
[Site "Herning"]
[Date "1991.??.??"]
[Round "?"]
[White "Sorensen, Jan"]
[Black "Hellers, Ferdinand"]
[Result "1/2-1/2"]
[WhiteElo "2405"]
[BlackElo "2520"]
[PlyCount "44"]
[EventDate "1991.07.??"]
[EventType "tourn"]
[EventRounds "9"]
[EventCountry "DEN"]
[EventCategory "8"]
[Source "ChessBase"]
[SourceDate "1992.05.01"]

1. e4 c5 2. Nf3 d6 3. d4 cxd4 4. Nxd4 Nf6 5. Nc3 a6 6. Bc4 e6 7. O-O Be7 8. Bb3
b5 9. Qf3 Qc7 10. Re1 O-O 11. Qg3 Kh8 12. a3 Nc6 13. Nxc6 Qxc6 14. Bg5 Nh5 15.
Qg4 Bxg5 16. Qxg5 Nf6 17. Rad1 Bb7 18. Re3 Rad8 19. Kh1 Qc5 20. Qf4 Qe5 21.
Qxe5 dxe5 22. f3 Kg8 1/2-1/2

[Event "Herning"]
[Site "Herning"]
[Date "1991.??.??"]
[Round "?"]
[White "Watson, William"]
[Black "Pedersen, Finn"]
[Result "1-0"]
[WhiteElo "2525"]
[BlackElo "2285"]
[PlyCount "47"]
[EventDate "1991.07.??"]
[EventType "tourn"]
[EventRounds "9"]
[EventCountry "DEN"]
[EventCategory "8"]
[Source "ChessBase"]
[SourceDate "1992.05.01"]

1. e4 c6 2. d4 d5 3. Nd2 dxe4 4. Nxe4 Nd7 5. Ng5 Ndf6 6. N1f3 e6 7. Ne5 Nh6 8.
c3 Bd6 9. Bd3 Qc7 10. Ngf3 Nf5 11. Qe2 Ne7 12. Ng5 Bxe5 13. dxe5 Nd7 14. f4 Nc5
15. Bc2 h6 16. Qh5 Rf8 17. Be3 Qa5 18. O-O Na4 19. Ne4 Nf5 20. Bf2 g6 21. Qe2
Rh8 22. b4 Qb5 23. Bd3 Qd5 24. Nf6+ 1-0

[Event "Herning"]
[Site "Herning"]
[Date "1991.??.??"]
[Round "?"]
[White "Watson, William"]
[Black "Berg, Klaus"]
[Result "1/2-1/2"]
[WhiteElo "2525"]
[BlackElo "2390"]
[PlyCount "45"]
[EventDate "1991.07.??"]
[EventType "tourn"]
[EventRounds "9"]
[EventCountry "DEN"]
[EventCategory "8"]
[Source "ChessBase"]
[SourceDate "1992.05.01"]

1. e4 c6 2. d4 d5 3. Nd2 dxe4 4. Nxe4 Bf5 5. Ng3 Bg6 6. h4 h6 7. Nf3 Nd7 8. h5
Bh7 9. Bd3 Bxd3 10. Qxd3 e6 11. Bf4 Ngf6 12. O-O-O Be7 13. Kb1 O-O 14. c4 a5
15. Ne5 a4 16. Ne4 a3 17. b3 Nxe4 18. Qxe4 Nxe5 19. Bxe5 Bf6 20. f4 Qe7 21.
Bxf6 Qxf6 22. Qe5 Qd8 23. Rh3 1/2-1/2